[Event "Titled Tuesday 2024.09.17 Late"]
[Site "chess.com INT"]
[Date "2024.09.17"]
[Round "6"]
[White "Atanasov, Anthony"]
[Black "Fernandez Siles, L."]
[Result "1-0"]
[WhiteElo "2392"]
[BlackElo "2189"]
[PlyCount "121"]
[EventDate "2024.09.17"]
[EventType "swiss (blitz)"]
[EventRounds "11"]
[EventCountry "NET"]
[Source "Mark Crowther"]
[SourceDate "2024.09.23"]

1. d4 Nf6 2. Bf4 g6 3. Nd2 d5 4. e3 Bg7 5. c3 O-O 6. Ngf3 Bf5 7. h3 Ne4 8. Be2
Nxd2 9. Nxd2 Nc6 10. O-O e5 11. Bh2 exd4 12. cxd4 Ne7 13. Qb3 Qc8 14. Rac1 c6
15. Nf3 Kh8 16. Bd6 Qd7 17. Be5 f6 18. Bh2 Rae8 19. Qa3 a6 20. Qd6 Nc8 21. Qxd7
Bxd7 22. b4 Rf7 23. Nd2 Bf8 24. a3 Bd6 25. Nb3 Bxh2+ 26. Kxh2 Nd6 27. Nc5 Bc8
28. a4 Kg7 29. Rb1 Ne4 30. Nxe4 dxe4 31. b5 axb5 32. axb5 Bd7 33. bxc6 Bxc6 34.
Rb6 Rd7 35. Rfb1 f5 36. Ba6 bxa6 37. Rxc6 Ra7 38. Ra1 Rea8 39. Ra5 h5 40. h4
Kf7 41. Kg3 Kg7 42. Kf4 Kh6 43. Rb6 Rc7 44. Raxa6 Rxa6 45. Rxa6 Rc2 46. Kg3 Rd2
47. Ra7 f4+ 48. Kxf4 Rxf2+ 49. Kxe4 Rxg2 50. d5 Rg4+ 51. Ke5 Rxh4 52. d6 Rh1
53. Ra5 Rb1 54. d7 Rb8 55. Kd6 h4 56. e4 g5 57. e5 h3 58. e6 g4 59. e7 h2 60.
Ra1 g3 61. d8=Q 1-0

[Event "Titled Tuesday 2024.09.17 Late"]
[Site "chess.com INT"]
[Date "2024.09.17"]
[Round "7"]
[White "Atanasov, Anthony"]
[Black "Zou, Chen"]
[Result "1-0"]
[WhiteElo "2392"]
[BlackElo "2449"]
[PlyCount "77"]
[EventDate "2024.09.17"]
[EventType "swiss (blitz)"]
[EventRounds "11"]
[EventCountry "NET"]
[Source "Mark Crowther"]
[SourceDate "2024.09.23"]

1. d4 Nf6 2. Bf4 g6 3. Nd2 Bg7 4. e3 d6 5. Ngf3 O-O 6. c3 c5 7. dxc5 dxc5 8. h3
Nc6 9. Be2 b6 10. O-O Bb7 11. e4 Qc8 12. Qc2 Rd8 13. Rfd1 Nh5 14. Be3 Qc7 15.
a4 Nf4 16. Bf1 Rd7 17. Nc4 Rad8 18. Rxd7 Rxd7 19. a5 b5 20. a6 Ba8 21. Na3 b4
22. Nb5 Qb8 23. Bxc5 bxc3 24. bxc3 Ne6 25. Be3 Qc8 26. Rd1 Rxd1 27. Qxd1 Qxa6
28. Nxa7 Qa5 29. Qd7 Nxa7 30. Qe8+ Bf8 31. Qxa8 Qxc3 32. Qxa7 Qc2 33. Qa8 Qd1
34. Qd5 Qb1 35. Ng5 Nxg5 36. Bxg5 Qa1 37. Qd8 Qe5 38. Bh6 Qxe4 39. Qxf8# 1-0

[Event "Titled Tuesday 2024.09.17 Late"]
[Site "chess.com INT"]
[Date "2024.09.17"]
[Round "8"]
[White "Yoo, Christopher Woojin"]
[Black "Atanasov, Anthony"]
[Result "1-0"]
[WhiteElo "2603"]
[BlackElo "2392"]
[PlyCount "75"]
[EventDate "2024.09.17"]
[EventType "swiss (blitz)"]
[EventRounds "11"]
[EventCountry "NET"]
[Source "Mark Crowther"]
[SourceDate "2024.09.23"]

1. Nf3 d5 2. g3 Bf5 3. Bg2 c6 4. O-O e6 5. d3 Be7 6. Nbd2 h6 7. e4 Bh7 8. Ne5
Nd7 9. Nxd7 Qxd7 10. f4 Bc5+ 11. Kh1 Ne7 12. Qe2 O-O 13. Nf3 Qc7 14. b3 a5 15.
a4 f6 16. Bb2 Kh8 17. Bh3 Bg8 18. Rae1 Bb4 19. Rd1 Rad8 20. Nd4 e5 21. Ne6 Bxe6
22. Bxe6 Qd6 23. Bh3 d4 24. Qh5 Ng8 25. Rf2 Bc3 26. Bc1 b5 27. Bf5 Ne7 28. g4
Rg8 29. Rf3 bxa4 30. bxa4 Rb8 31. Rg1 Rb1 32. g5 fxg5 33. fxg5 Nxf5 34. exf5
Qd5 35. gxh6 g6 36. fxg6 e4 37. g7+ Kh7 38. Qg6# 1-0

[Event "Titled Tuesday 2024.09.24 Late"]
[Site "chess.com INT"]
[Date "2024.09.24"]
[Round "1"]
[White "Badacsonyi, Frankie"]
[Black "Atanasov, Anthony"]
[Result "1-0"]
[WhiteElo "2245"]
[BlackElo "2392"]
[PlyCount "107"]
[EventDate "2024.09.24"]
[EventType "swiss (blitz)"]
[EventRounds "11"]
[EventCountry "NET"]
[Source "Mark Crowther"]
[SourceDate "2024.09.30"]

1. Nf3 d5 2. b3 Bf5 3. Bb2 e6 4. e3 Nd7 5. c4 c6 6. Be2 Ngf6 7. Nh4 Bg6 8. d3
Bd6 9. Nd2 Be5 10. Qc2 Qe7 11. Nxg6 hxg6 12. h3 a5 13. a3 Bxb2 14. Qxb2 Qd6 15.
Nf3 e5 16. Rc1 Ke7 17. d4 e4 18. Ne5 Rhc8 19. Nxd7 Nxd7 20. O-O f5 21. f4 Nf6
22. Rc2 Kf8 23. Rfc1 Kg8 24. cxd5 Nxd5 25. Bc4 Kh7 26. Bxd5 Qxd5 27. Rc5 Qd8
28. Qc3 a4 29. b4 Rcb8 30. Re5 Qd7 31. Qc5 Re8 32. Rxe8 Qxe8 33. Qb6 Qf7 34.
Qc5 Qb3 35. Qc3 Qa2 36. Rc2 Qb3 37. Kf2 Ra6 38. g4 Kh6 39. g5+ Kh5 40. Rc1 Qa2+
41. Rc2 Qb1 42. Kg2 Qd1 43. Qd2 Qf3+ 44. Kh2 Rb6 45. Qe2 Qxe2+ 46. Rxe2 Kh4 47.
Rc2 Rb5 48. Rc5 Rxc5 49. dxc5 Kh5 50. Kg3 b5 51. cxb6 c5 52. b7 cxb4 53. b8=Q
b3 54. Qh8# 1-0

[Event "Toronto op"]
[Site "Toronto CAN"]
[Date "2024.08.31"]
[Round "1.3"]
[White "Zhong, Ryan Yunhui"]
[Black "Atanasov, Anthony"]
[Result "0-1"]
[WhiteElo "2023"]
[BlackElo "2396"]
[PlyCount "90"]
[EventDate "2024.08.31"]
[EventType "swiss"]
[EventRounds "6"]
[EventCountry "CAN"]

1. e4 e5 2. Nf3 Nf6 3. Nc3 Nc6 4. d4 Bb4 5. d5 Ne7 6. Qd3 O-O 7. Bd2 d6 8. Nd1
Bxd2+ 9. Nxd2 c6 10. c4 Nh5 11. Nc3 cxd5 12. cxd5 f5 13. f3 fxe4 14. fxe4 b5
15. Qxb5 Bg4 16. Be2 Rb8 17. Qa6 Rb6 18. Qa3 Ng6 19. O-O-O Bxe2 20. Nxe2 Qg5
21. g3 Rfb8 22. Kb1 Rxb2+ 23. Qxb2 Rxb2+ 24. Kxb2 Qe3 25. Nc3 Nf6 26. Rhe1 Qb6+
27. Nb3 h5 28. Re2 h4 29. a4 Nh5 30. gxh4 Nxh4 31. Rc2 Qb4 32. Nb5 a6 33. Nxd6
Qxd6 34. Rc6 Qb4 35. Re6 Nf4 36. Rxe5 Nf3 37. Rf5 Qxe4 38. Rxf4 Qxf4 39. d6
Qxh2+ 40. Kc3 Qe2 41. Rd5 Qe4 42. Rd1 Ne5 43. Rd4 Qf3+ 44. Kc2 Qc6+ 45. Kb1 g5
0-1

[Event "Toronto op"]
[Site "Toronto CAN"]
[Date "2024.08.31"]
[Round "2.3"]
[White "Atanasov, Anthony"]
[Black "Li, Adam"]
[Result "1-0"]
[WhiteElo "2396"]
[BlackElo "1929"]
[PlyCount "74"]
[EventDate "2024.08.31"]
[EventType "swiss"]
[EventRounds "6"]
[EventCountry "CAN"]

1. d4 d5 2. Nf3 Nf6 3. a3 Bf5 4. c4 c6 5. cxd5 cxd5 6. Qb3 Qb6 7. Qxb6 axb6 8.
Nc3 Nc6 9. Bf4 e6 10. Rc1 Be7 11. e3 O-O 12. Be2 Ne4 13. Nxe4 Bxe4 14. Bc7 Bxf3
15. gxf3 Bd8 16. Bd6 Re8 17. Kd2 Be7 18. Bc7 Bd8 19. Bg3 Bg5 20. f4 Be7 21. Rc3
Rec8 22. Rhc1 Na7 23. Rc7 Bd8 24. Rxb7 Nc6 25. Rd7 Na5 26. Rxc8 Rxc8 27. Ba6
Nb3+ 28. Ke2 Rc2+ 29. Kd3 Rd2+ 30. Kc3 Bf6 31. Kxb3 h5 32. h4 Kf8 33. Rc7 Bd8
34. Rc1 b5 35. Kc3 Ba5+ 36. b4 Ra2 37. Kb3 Ke8 1-0

[Event "Toronto op"]
[Site "Toronto CAN"]
[Date "2024.09.01"]
[Round "3.2"]
[White "Sambuev, Bator"]
[Black "Atanasov, Anthony"]
[Result "0-1"]
[WhiteElo "2442"]
[BlackElo "2392"]
[PlyCount "108"]
[EventDate "2024.08.31"]
[EventType "swiss"]
[EventRounds "6"]
[EventCountry "CAN"]

1. d4 d5 2. c4 c5 3. e3 Nf6 4. Nc3 cxd4 5. exd4 Nc6 6. Nf3 a6 7. Bg5 Be6 8. Be2
g6 9. Ne5 Bg7 10. Bf3 Nxe5 11. dxe5 Ne4 12. cxd5 Nxg5 13. dxe6 Qxd1+ 14. Bxd1
Nxe6 15. Bf3 O-O-O 16. Bd5 Nf4 17. O-O-O e6 18. Be4 Bxe5 19. g3 Nh5 20. f4 Bxc3
21. bxc3 Nf6 22. Bf3 Kc7 23. Kc2 b6 24. g4 Rxd1 25. Rxd1 Nd7 26. h4 h6 27. Be2
Nc5 28. f5 exf5 29. gxf5 Re8 30. Bc4 gxf5 31. Rf1 Re4 32. Bxf7 Rxh4 33. Rf2 f4
34. Rxf4 Rh3 35. Rf5 Rh2+ 36. Kc1 Kd6 37. a3 Ne4 38. Bc4 a5 39. Rd5+ Kc7 40.
Rd3 h5 41. Bd5 Nc5 42. Rg3 Kd6 43. Bf3 Nd3+ 44. Kd1 Nf4 45. Rg5 Rh3 46. Be4 Re3
47. Bh1 Rxc3 48. Rb5 Kc7 49. Rf5 Rxa3 50. Kd2 Rd3+ 51. Kc2 Rd4 52. Kc3 Ne2+ 53.
Kc2 Ng3 54. Rf7+ Rd7 0-1

[Event "Toronto op"]
[Site "Toronto CAN"]
[Date "2024.09.01"]
[Round "4.1"]
[White "Bora, Safal"]
[Black "Atanasov, Anthony"]
[Result "1/2-1/2"]
[WhiteElo "2485"]
[BlackElo "2392"]
[PlyCount "35"]
[EventDate "2024.08.31"]
[EventType "swiss"]
[EventRounds "6"]
[EventCountry "CAN"]

1. e4 e5 2. Nf3 Nf6 3. d4 Nxe4 4. dxe5 d5 5. Nbd2 Qd7 6. Nxe4 dxe4 7. Nd4 Bc5
8. Be3 O-O 9. e6 fxe6 10. Bc4 Qe7 11. Qg4 Bxd4 12. Bxd4 Nc6 13. Qxe4 Nxd4 14.
Qxd4 Qb4+ 15. Ke2 Kh8 16. a3 Qa5 17. Qe3 Qh5+ 18. Kf1 1/2-1/2

[Event "Toronto op"]
[Site "Toronto CAN"]
[Date "2024.09.02"]
[Round "5.1"]
[White "Atanasov, Anthony"]
[Black "Vettese, Nicholas"]
[Result "1/2-1/2"]
[WhiteElo "2392"]
[BlackElo "2341"]
[PlyCount "98"]
[EventDate "2024.08.31"]
[EventType "swiss"]
[EventRounds "6"]
[EventCountry "CAN"]

1. Nf3 Nf6 2. b3 g6 3. Bb2 Bg7 4. g3 d5 5. c4 O-O 6. Bg2 c6 7. O-O Bg4 8. d4
Bxf3 9. Bxf3 Re8 10. Nc3 e6 11. Qc2 Nbd7 12. Rad1 Qe7 13. Bg2 Rad8 14. Rfe1 h5
15. h3 Nb6 16. Nb1 Qc7 17. e3 Rc8 18. Qe2 Red8 19. Rc1 Qb8 20. Nd2 Qc7 21. Bc3
Qe7 22. a4 Nbd7 23. a5 a6 24. e4 dxe4 25. Nxe4 Nxe4 26. Qxe4 Nf6 27. Qe2 Rd7
28. Qb2 Qd8 29. Re2 Ne8 30. Rd1 Nd6 31. Red2 Nf5 32. b4 Qg5 33. Rd3 Rcd8 34. d5
exd5 35. cxd5 Kh7 36. Bxg7 Nxg7 37. Qb3 Qf5 38. Qc4 cxd5 39. Rxd5 Rc8 40. Qxc8
Rxd5 41. Qc1 Rb5 42. Qc4 Ne6 43. h4 Kg7 44. Rd7 b6 45. Bc6 Re5 46. axb6 g5 47.
b7 Re1+ 48. Kg2 Nf4+ 49. Qxf4 gxf4 1/2-1/2

[Event "Toronto op"]
[Site "Toronto CAN"]
[Date "2024.09.02"]
[Round "6.2"]
[White "Atanasov, Anthony"]
[Black "Plotkin, Mark"]
[Result "1-0"]
[WhiteElo "2392"]
[BlackElo "2339"]
[PlyCount "81"]
[EventDate "2024.08.31"]
[EventType "swiss"]
[EventRounds "6"]
[EventCountry "CAN"]

1. e4 c5 2. Nf3 Nc6 3. Bb5 e5 4. c3 Bd6 5. O-O Nge7 6. d4 cxd4 7. cxd4 Nxd4 8.
Nxd4 exd4 9. Qxd4 Qc7 10. h3 a6 11. Ba4 O-O 12. Nc3 b5 13. Bb3 Be5 14. Qd3 Bb7
15. Bg5 Ng6 16. Nd5 Bxd5 17. Bxd5 Rab8 18. Rac1 Qb6 19. Qd2 h6 20. Be3 Qf6 21.
f4 Bxb2 22. Rc2 Ba3 23. e5 Qe7 24. f5 Nxe5 25. Bxh6 Rb6 26. Be3 Bb4 27. Qd4 Ba5
28. Kh1 Re8 29. Qe4 Qf6 30. Bxb6 Bxb6 31. Rfc1 d6 32. Rc8 Rxc8 33. Rxc8+ Kh7
34. Rc1 Qg5 35. Rf1 Kg8 36. Bxf7+ Kxf7 37. Qb7+ Kg8 38. Qxb6 Nc4 39. Qxa6 Ne3
40. Rf2 Ng4 41. Qc8+ 1-0